El exilio español de 1939 / (Record no. 19635)
[ view plain ]
| 000 -LEADER | |
|---|---|
| campo de control de longitud fija | 01034nam a2200265 i 4500 |
| 001 - NÚMERO DE CONTROL | |
| campo de control | 19635 |
| 003 - IDENTIFICADOR DE NÚMERO DE CONTROL | |
| campo de control | ES-MaACL |
| 005 - FECHA Y HORA DE LA ÚLTIMA TRANSACCIÓN | |
| campo de control | 20231219062532.0 |
| 007 - CAMPO FIJO DE DESCRIPCIÓN FÍSICA--INFORMACIÓN GENERAL | |
| campo de control de longitud fija | t| |
| 008 - DATOS DE LONGITUD FIJA--INFORMACIÓN GENERAL | |
| campo de control de longitud fija | 021007m19761978sp ||||1| spa d |
| 020 ## - NÚMERO INTERNACIONAL ESTÁNDAR DEL LIBRO | |
| Número Internacional Estándar del Libro | 84-306-3997-7 |
| 245 03 - MENCIÓN DEL TÍTULO | |
| Título | El exilio español de 1939 / |
| Mención de responsabilidad, etc. | [obra dirigida por José Luis Abellán]. |
| 260 ## - PUBLICACIÓN, DISTRIBUCIÓN, ETC. | |
| Lugar de publicación, distribución, etc. | Madrid : |
| Nombre del editor, distribuidor, etc. | Taurus, |
| Fecha de publicación, distribución, etc. | 1976-1978. |
| 300 ## - DESCRIPCIÓN FÍSICA | |
| Extensión | 6 v. ; |
| Dimensiones | 21 cm. |
| 490 1# - MENCIÓN DE SERIE | |
| Mención de serie | Biblioteca política Taurus ; |
| Designación de volumen o secuencia | 36 |
| 505 8# - NOTA DE CONTENIDO CON FORMATO | |
| Nota de contenido con formato | Contiene: 1. La emigración republicana - 2. Guerra y política - 3. Revistas, pensamiento, educación - 4. Cultura y literatura - 5. Arte y ciencia - 6. Cataluña, Euzkadi, Galicia |
| 650 14 - PUNTO DE ACCESO ADICIONAL DE MATERIA--TÉRMINO DE MATERIA | |
| Término de materia o nombre geográfico como elemento de entrada | Exiliados españoles- |
| Subdivisión cronológica | 1939-1975. |
| 9 (RLIN) | 12658 |
| 650 14 - PUNTO DE ACCESO ADICIONAL DE MATERIA--TÉRMINO DE MATERIA | |
| Término de materia o nombre geográfico como elemento de entrada | Exiliados españoles- |
| Subdivisión general | Vida intelectual. |
| 9 (RLIN) | 143431 |
| 700 1# - ENTRADA AGREGADA--NOMBRE PERSONAL | |
| Nombre de persona | Abellán, José Luis, |
| Fechas asociadas al nombre | 1933-2023 |
| 9 (RLIN) | 176509 |
| 830 1# - PUNTO DE ACCESO ADICIONAL DE SERIE-TÍTULO UNIFORME | |
| Título uniforme | Biblioteca política Taurus ; |
| Designación de volumen o secuencia | 36 |
| 9 (RLIN) | 176515 |
| 852 ## - LOCALIZACIÓN | |
| Ubicación | ES-MaACL |
| Número de control de estantería | A-9517-22 |
| 852 ## - LOCALIZACIÓN | |
| Ubicación | ES-MaACL |
| Número de control de estantería | G-587-88 |
| Nota libre | (V. 5 y 6) |
| 852 ## - LOCALIZACIÓN | |
| Ubicación | ES-MaACL |
| Número de control de estantería | A-6733 |
| Nota libre | (V. 4) |
| Estatus retirado | Estado de pérdida | Estado de daño | No para préstamo | Biblioteca de origen | Biblioteca actual | Ubicación en estantería | Fecha de adquisición | Fuente de adquisición | Total de préstamos | Signatura topográfica completa | Código de barras | Visto por última vez | Precio de reemplazo | Tipo de ítem Koha |
|---|---|---|---|---|---|---|---|---|---|---|---|---|---|---|
| Biblioteca del Ateneo de Madrid | Biblioteca del Ateneo de Madrid | Sala Pecera Planta 1 | 17/01/2008 | A-6733 | 1020098 | 23/02/2023 | 23/02/2023 | Libro impreso | ||||||
| Biblioteca del Ateneo de Madrid | Biblioteca del Ateneo de Madrid | Depósito 1 | 17/01/2008 | A-9517-22 | 1020096 | 23/02/2023 | 23/02/2023 | Libro impreso | ||||||
| Biblioteca del Ateneo de Madrid | Biblioteca del Ateneo de Madrid | Depósito 2 | 17/01/2008 | G-587-88 | 1020097 | 23/02/2023 | 23/02/2023 | Libro impreso |
